000 00631nam a2200193 i 4500
001 53584
003 ES-MaACL
005 20251122063114.0
007 t|
008 960628s1886 sp ||||1| spa d
040 _aCAM
_bspa
_cCAM
100 1 _aFargas y Roca, Miguel A.,
_d1858-1916
_9147075
245 1 0 _aPrimera serie de diez ovariotomías /
_cpor Miguel A. Fargas...
260 _aBarcelona :
_b[s.n.],
_c1886 (
_fTipografía "La Academia" de E. Ullastres)
300 _a[3], 48 p. ;
_c26 cm.
650 4 _aAparato genital femenino-
_xCirugía.
_9161079
852 _aES-MaACL
_jT-667-F-11
999 _c53584
_d53584